Statistics for Airport Codes

Click here to take the quiz!

General Stats

  • This quiz has been taken 35 times
  • The average score is 64 of 142

Answer Stats

City AirportAirport Code% Correct
Dallas Fort WorthDFW
95%
New York J.F.KJFK
95%
LisbonLIS
95%
MadridMAD
95%
Paris Charles de GaulleCDG
89%
Los AngelesLAX
89%
AmsterdamAMS
84%
AtlantaATL
84%
BostonBOS
84%
LimaLIM
84%
ManchesterMAN
84%
SeattleSEA
84%
BogotaBOG
79%
BrusselsBRU
79%
London HeathrowLHR
79%
Mexico CityMEX
79%
San FranciscoSFO
79%
ViennaVIE
79%
AnchorageANC
74%
New DelhiDEL
74%
GlasgowGLA
74%
AthensATH
68%
Mumbai/BombayBOM
68%
DüsseldorfDUS
68%
New York NewarkEWR
68%
Istanbul AtaturkIST
68%
London GatwickLGW
68%
Chicago O’HareORD
68%
OsloOSL
68%
SingaporeSIN
68%
AlgiersALG
63%
AmmanAMM
63%
Bangkok SuvarnabhumiBKK
63%
BudapestBUD
63%
CairoCAI
63%
Bueno AiresEZE
63%
Rome FiumicinoFCO
63%
Washington DullesIAD
63%
LuxembourgLUX
63%
MunichMUC
63%
NiceNCE
63%
Paris OrlyORY
63%
TunisTUN
63%
Berlin TegelTXL
63%
VancouverYVR
63%
ZagrebZAG
63%
Barcelona El PratBCN
58%
DohaDOH
58%
DetroitDTW
58%
Rio de JaneiroGIG
58%
JeddahJED
58%
Kuala LumpurKUL
58%
LjubljanaLJU
58%
Milan MalpensaMXP
58%
Ho Chi Minh CitySGN
58%
SydneySYD
58%
Addis AbabaADD
53%
BahrainBAH
53%
BelgradeBEG
53%
CebuCEB
53%
DubaiDXB
53%
FukuokaFUK
53%
GuamGUM
53%
GenevaGVA
53%
HelsinkiHEL
53%
HonoluluHNL
53%
OrlandoMCO
53%
Tokyo NaritaNRT
53%
PraguePRG
53%
Tel AvivTLV
53%
Taipei TaoyuanTPE
53%
WarsawWAW
53%
CalgaryYYC
53%
ZurichZRH
53%
AucklandAKL
47%
ColomboCMB
47%
CopenhagenCPH
47%
HanoiHAN
47%
Seoul IncheonICN
47%
Osaka KansaiKIX
47%
ManilaMNL
47%
VeniceVCE
47%
Toronto PearsonYYZ
47%
BrisbaneBNE
42%
GuangzhouCAN
42%
Tokyo HanedaHND
42%
ReykjavikKEF
42%
Kuwait CityKWI
42%
ShanghaiPVG
42%
Abu DhabiAUH
37%
ChristchurchCHC
37%
Moscow DomodedovoDME
37%
JohannesburgJNB
37%
NairobiNBO
37%
BucharestOTP
37%
Moscow SheremetyevoSVO
37%
DenpasarDPS
32%
MaltaMLA
32%
NadiNAN
32%
TbilisiTBS
32%
KievKBP
26%
St. PetersburgLED
26%
MuscatMCT
26%
PapeetePPT
26%
SharjahSHJ
26%
Rome CiampinoCIA
21%
MinskMSQ
21%
AlmatyALA
16%
CasablancaCMN
16%
DakarDSS
16%
IslamabadISB
16%
VladivostokVVO
16%
Seoul GimpoGMP
11%
HarbinHRB
11%
TehranIKA
11%
Port MoresbyPOM
11%
VictoriaSEZ
11%
Bandar Seri BegawanBWN
5%
ChongqingCKG
5%
Sapporo New ChitoseCTS
5%
Da NangDAD
5%
Bangkok Don MueangDMK
5%
PyongyangFNJ
5%
KaohsiungKHH
5%
NahaOKA
5%
Busan GimhaePUS
5%
Berlin SchönfeldSXL
5%
ShenzhenSZX
5%
Ulaan BataarULN
5%
UrumqiURC
5%
Port VilaVLI
5%
StockholmARN
0%
JakartaCGK
0%
DublinDUB
0%
FrankfurtFRA
0%
HaikouHAK
0%
Hong KongHKG
0%
London LutonLTN
0%
Melbourne TullamarineMEL
0%
NanjingNKG
0%
BeijingPEK
0%
SantiagoSCL
0%

Score Distribution

Percentile by Number Answered

Percent of People with Each Score

Your Score History

You have not taken this quiz